Knihovna pro XXI. století. : Stavba Moravské zemské knihovny v Brně /

Na minha lista:
Detalhes bibliográficos
Outros Autores: Kubíček, Jaromír (Editor)
Formato: Livro
Idioma:tcheco
Publicado em: Brno : Moravská zemská knihovna v Brně, 1998
Assuntos:
Tags: Adicionar Tag
Sem tags, seja o primeiro a adicionar uma tag!

MARC

LEADER 00000nam a22000003a 4500
001 0014622
003 SK-STU
005 20160606100547.5
007 ta
008 160524s ----xo-----e------000-0-----d
020 |a 80-7051-112-5 
040 |a STU  |b slo 
041 0 |a cze 
044 |a xr 
245 1 0 |a Knihovna pro XXI. století. :  |b Stavba Moravské zemské knihovny v Brně /  |c ed. Jaromír Kubíček 
260 |a Brno :  |b Moravská zemská knihovna v Brně,  |c 1998 
650 0 7 |a budovy pre obchod a služby 
650 0 7 |a knižnica 
650 0 7 |a pôdorysy 
650 0 7 |a interiér 
650 0 7 |a exteriér 
650 0 7 |a premises of library 
650 0 7 |a footprint 
650 0 7 |a interior 
650 0 7 |a exterior 
700 1 |a Kubíček, Jaromír  |r Z6  |4 edt 
996 |b 284AU06707  |c A* 9781/U  |l AAKNAR  |s A  |a 24  |w 0014622_0001